| 000 | 009920000a22002770004500 | ||
|---|---|---|---|
| 003 | EG-GICUC | ||
| 005 | 20250223025412.0 | ||
| 008 | 080720s1999 ua h f m 000 0 eng d | ||
| 040 |
_aEG-GICUC _beng _cEG-GICUC |
||
| 041 | 0 | _aEng | |
| 049 | _aDeposite | ||
| 097 | _aM.Sc | ||
| 099 | _aCai01.11.21.M.Sc.1999.Ei.I | ||
| 100 | 0 | _aEisa Essam Eisa Hussen | |
| 245 | 1 | 0 |
_aImmunology and nervous system / _cEisa Essam Eisa Hussen ; Supervised Mohammed Talaat Sallam , Maged M.Abdelnasseer |
| 246 | 1 | 5 | _aالمناعة والجهاز العصبى |
| 260 |
_aCairo : _bEisa Essam Eisa Hussen , _c1999 |
||
| 300 |
_a189P. : _bfacsimiles ; _c25cm |
||
| 502 | _aThesis (M.Sc.) - Cairo University - Faculty Of Medicine - Department Of Neuropsychiatry | ||
| 700 | 0 |
_aMaged Mohamed Abdelnasseer , _eSupervisor |
|
| 700 | 0 |
_aMohammed Talaat Sallam , _eSupervisor |
|
| 856 | _uhttp://172.23.153.220/th.pdf | ||
| 905 |
_aMustafa _eRevisor |
||
| 905 |
_aSamia _eCataloger |
||
| 942 |
_2ddc _cTH |
||
| 999 |
_c12247 _d12247 |
||